Voz en onda; módulo 2: recopilando voces. actividades /

Guardado en:
Autor Principal: Aimé, Susana M.
Formato: Libro
Publicado: Buenos Aires : Estrada, 1993
Series:Doce + 11
Etiquetas: Agregar Etiqueta
Sin Etiquetas, Sea el primero en etiquetar este registro!
LEADER 00450nam a22001575a 4500
001 CEM.cems007455
005 20060214000000.0
008 130507s1993##################000#0#####d
003 CEMS
082 0 4 |a 468 
100 1 |a Aimé, Susana M. 
245 1 0 |a Voz en onda; módulo 2: recopilando voces. actividades / 
260 |a Buenos Aires :  |b Estrada,  |c 1993 
300 |a 42 p. 
490 0 |a Doce + 11 
859 |a CEMS  |b BIB. CEMS - 11 de abril  |h 468  |i Ai57-1/2  |p 17373.93  |t Ej.1